| 000 | 01763nam a2200241Ia 4500 | ||
|---|---|---|---|
| 008 | 260220t1982||||xx |||||||||||||| ||spa|| | ||
| 040 |
_aPY-SlUNAC _bspa _erda |
||
| 041 | _aspa | ||
| 082 |
_a512.5 _bV857a |
||
| 100 |
_aVocvadín, Valentín Vasilievich _eAutor |
||
| 245 | 0 |
_aAlgebra lineal / _cpor Valentín Vasilievich Vocvadín [Autor] |
|
| 264 |
_aMoscú : _bMir, _c℗1982. |
||
| 300 | _a424 páginas | ||
| 520 | _aEl libro "Álgebra lineal" de Valentín Vasilievich Vocvadín, publicado en Moscú por Mir en 1982, es una obra fundamental que aborda los conceptos y teorías esenciales de esta disciplina matemática. A lo largo de sus capítulos, el autor presenta de manera clara y estructurada temas como espacios vectoriales, transformaciones lineales, matrices y determinantes, así como sus aplicaciones en diversas áreas de la ciencia y la ingeniería. Vocvadín enfatiza la importancia de los métodos algebraicos en la resolución de problemas prácticos, ofreciendo ejemplos ilustrativos y ejercicios que facilitan la comprensión de los conceptos. La obra también incluye discusiones sobre la teoría de eigenvalores y eigenvectores, aspectos que son cruciales para el análisis de sistemas lineales. En conjunto, este libro no solo sirve como un texto introductorio para estudiantes de matemáticas y ciencias aplicadas, sino que también se convierte en una referencia valiosa para profesionales que buscan profundizar en el álgebra lineal y sus aplicaciones contemporáneas. | ||
| 653 | _aÁlgebra | ||
| 653 | _aEducación matemática | ||
| 653 | _aMatemáticas | ||
| 942 |
_b2026/02/17 _cBK |
||
| 999 |
_c7467 _d7467 |
||